| 000 | 00703nam a22001937a 4500 | ||
|---|---|---|---|
| 999 |
_c181800 _d181800 |
||
| 005 | 20230213142458.0 | ||
| 010 | _aB-747636-641 E.N.A./7.11.22 | ||
| 020 |
_a9789357943253 _c395.00 |
||
| 035 | _aB-747636-641 | ||
| 037 | _bV&S Publishers | ||
| 082 | _aN | ||
| 100 | _aBronte, Charlotte | ||
| 245 |
_aJane Eyre / _cby Charlotte Bronte |
||
| 260 |
_aNew Delhi _bV&S Publishers |
||
| 270 |
_aF-2/16, Ansari Road, Daryaganj _bNew Delhi _e110002 |
||
| 300 |
_a494p. _c21cm(pbk) |
||
| 942 |
_2ddc _cEN _mBRO _hN |
||